000 00730nam a2200241Ia 4500
003 OSt
005 20220923220956.0
006 a|||||r|||| 00| 0
007 ta
008 220922b |||||||| |||| 00| 0 hin d
024 _a193,114
037 _cTextual
040 _aARTS
_cARTS
_bhin
041 _2hin
_ahin
082 _aV2:2.N7, 152L8
100 _aशकधर, श्याम लाल
245 0 _aभारतीय संसद
246 _aBhāratīya sansada
260 _aदिल्ली
_b मैट्रोपौलिटन बुक
_c1978
300 _a351पृ.
_ccm.
942 _hV2:2.N7, 152L8
_cTEXL
_2CC
999 _c345605
_d345605